Shakira Songs - Sudden Death - Statistics

General Stats
  • This quiz has been taken 293 times
    86 since last reset
  • The average score is 11 of 19
Answers on the Grid
Answers color-coded by a green-red scale on the quiz's grid according to % correct below.
Hips Don't Lie
Ocean
Waka Waka
Saoko
Whenever, Wherever
Misery
She Wolf
Girl On Fire
Chantaje
Provenza
La Tortura
Beautiful Liar
Rabiosa
Clandestino
Trap
Believe
Loba
Anything For You
Don't Speak
Dare (La La La)
Con Altura
Amarillo
No
Glitter in the Air
Secrets
Just Like a Pill
Don't Wait Up
Underdog
34+35
I'm Like a Bird
Diary
Perro Fiel
Loca
Promiscuous
Maneater
Soltera
Hollaback Girl
Afraid
Try Everything
 
Answer Stats
Answer % Correct
Hips Don't Lie
97%
Whenever, Wherever
94%
Waka Waka
93%
La Tortura
75%
She Wolf
75%
Loca
73%
Chantaje
69%
Beautiful Liar
67%
Rabiosa
64%
Dare (La La La)
63%
Loba
54%
Try Everything
54%
Perro Fiel
52%
Clandestino
48%
Soltera
46%
Amarillo
36%
Don't Wait Up
30%
No
25%
Trap
25%
No matching quizzes found
Score Distribution
Percent of People with Each Score
Percentile by Number Answered
Your Score History
You have not taken this quiz since the last reset